000 00470nam a22001817a 4500
003 OSt
005 20240618153055.0
008 240617b |||||||| |||| 00| 0 eng d
020 _a9780804748346
040 _cMUST
082 _222
_a519 DAN 2003
100 _aDantzig, George Bernard
_917352
245 _aThe basic /
_cGeorge B. Dantzig
300 _axvi, 378p.
_c25cm
504 _aIncludes index
650 _aMathematical statistical
_917465
942 _2ddc
_cO_SHELF
999 _c8549
_d8549